[Event "San Francisco cat 3rd"]
[Site "San Francisco"]
[Date "2000.07.16"]
[Round "3"]
[White "Peretti, Leandro"]
[Black "Giaccomo, Gabriel"]
[Result "1-0"]
[WhiteElo "847"]
[BlackElo "718"]
[PlyCount "89"]
[EventDate "2000.07.15"]
[EventType "swiss"]
[EventRounds "6"]
[EventCountry "ARG"]
[SourceTitle "EXT 2005"]
[Source "ChessBase"]
[SourceDate "2004.11.15"]
[SourceVersion "1"]
[SourceVersionDate "2004.11.15"]
[SourceQuality "1"]

1. e4 e6 2. d4 d5 3. e5 c5 4. c3 Nc6 5. Nf3 Qb6 6. Bd3 Bd7 7. dxc5 Bxc5 8. Qe2 Qc7 9. Be3 b6 10. Bxc5 bxc5 11. Na3 c4 12. Nb5 Qb8 13. Nd6+ Ke7 14. Bb1 Nxe5 15. Nf5+ Kf6 16. N5d4 g6 17. h4 Ne7 18. Qe3 h6 19. Qf4+ Nf5 20. 0-0 Nxf3+ 21. Qxf3 h5 22. b4 Qd6 23. Rd1 Ba4 24. Rd2 Rad8 25. Nxf5 exf5 26. Bc2 Bxc2 27. Rxc2 Rhe8 28. Rd1 Re4 29. Re2 Qe5 30. Rde1 Re8 31. Rxe4 dxe4 32. Qe3 Rd8 33. Qg5+ Kg7 34. Qxd8 Qxc3 35. Rb1 f4 36. Qd1 Qf6 37. Qe2 Qxh4 38. Qxe4 Qg5 39. Qxc4 h4 40. Qc3+ Kh7 41. Re1 Qf5 42. Re8 f6 43. Qc7+ Kh6 44. Rh8+ Kg5 45. Qc5 1-0